000 00816nam a2200217Ii 4500
003 JO-AjNU
008 230605s9999||||xx |||||||||||||| ||und||
040 _aJO-AjNU
_bara
_erda
_cJO-AjNU
041 _aara
050 1 4 _aKMJ3853.M5932.1999
100 3 _a عبد ، مزهر جعفر ,
_eauthor
_925220
245 0 0 _aجريمة الإمتناع " دراسة مقارنة "
250 _a(د،ط)
264 3 1 _aعمان : مكتبة دار الثقافة ، 1999
300 _a360ص
_bيشتمل على مراجع ببلوغرافية ص ( 329 - 354 )
336 _atext
_btxt
_2rdacontent
337 _aunmediated
_bn
_2rdamedia
338 _avolume
_bnc
_2rdacarrier
490 0 _aالمكتبة القانونية ( 310 )
650 4 _aجرائم الامتناع -- الجريمة والمجرمون
_925221
999 _aA9404
_c12972
_d12972